Dallas Stars Roster 2026 - Statistics

General Stats
  • This quiz has been taken 714 times
    223 since last reset
  • The average score is 14 of 23
Answer Stats
# Birthplace Player % Correct
Forwards 96 Varsinais-Suomi, FIN Mikko Rantanen
98%
Defencemen 4 Uusimaa, FIN Miro Heiskanen
94%
Forwards 24 Pirkanmaa, FIN Roope Hintz
91%
Goaltenders 29 Minnesota, USA Jake Oettinger
89%
Forwards 21 California, USA Jason Robertson
89%
Forwards 53 Ontario, CAN Wyatt Johnston
86%
Forwards 14 British Columbia, CAN Jamie Benn
85%
Defencemen 23 Uusimaa, FIN Esa Lindell
83%
Forwards 91 Ontario, CAN Tyler Seguin
83%
Defencemen 55 New York, USA Thomas Harley
81%
Goaltenders 1 New Hampshire, USA Casey DeSmith
71%
Forwards 12 Moravskoslezsko, CZE Radek Faksa
56%
Forwards 22 Quebec, CAN Mavrik Bourque
49%
Forwards 18 Alberta, CAN Sam Steel
47%
Forwards 10 Värmland, SWE Oskar Bäck
44%
Defencemen 46 Moskva, RUS Ilya Lyubushkin
39%
Defencemen 6 Solothurn, SUI Lian Bichsel
36%
Forwards 15 Massachusetts, USA Colin Blackwell
32%
Forwards 49 Quebec, CAN Justin Hryckowian
28%
Defencemen 28 Alberta, CAN Alexander Petrovic
27%
Forwards 11 Ontario, CAN Nathan Bastian
22%
Defencemen 20 Ontario, CAN Kyle Capobianco
19%
Defencemen 44 Minsk, BLR Vladislav Kolyachonok
12%
No matching quizzes found
Score Distribution
Percent of People with Each Score
Percentile by Number Answered
Your Score History
You have not taken this quiz since the last reset